Tilastot visalle Afrikan saarivaltiot

Klikkaa tästä pelataksesi tätä visaa!

Yleistilastot

  • Tätä visaa on pelattu 1 814 kertaa
  • Keskiarvotulos 5 / 6

Vastaustilastot

Valtio% Oikein
Madagaskar
97%
Kap Verde
90%
Seychellit
87%
Mauritius
85%
Komorit
83%
São Tomé ja Príncipe
81%

Tulosjakauma

Persentiili vastausten määrän mukaan

Jokaisen tuloksen saaneiden osuus

Tuloshistoriasi

Et ole pelannut tätä visaa